| 000 -LEADER |
| fixed length control field |
01063cas a2200337 a 4500 |
| 001 - CONTROL NUMBER |
| control field |
11392570 |
| 005 - DATE AND TIME OF LATEST TRANSACTION |
| control field |
20180213064844.0 |
| 008 - FIXED-LENGTH DATA ELEMENTS--GENERAL INFORMATION |
| fixed length control field |
900920c19919999dcuar f 0 a0eng c |
| 010 ## - LIBRARY OF CONGRESS CONTROL NUMBER |
| LC control number |
91659175 |
| Canceled/invalid LC control number |
sn 90000433 |
| 016 7# - NATIONAL BIBLIOGRAPHIC AGENCY CONTROL NUMBER |
| Record control number |
2143930-8 |
| Source |
DE-600 |
| 022 0# - INTERNATIONAL STANDARD SERIAL NUMBER |
| International Standard Serial Number |
1052-9179 |
| Source |
1 |
| 035 ## - SYSTEM CONTROL NUMBER |
| System control number |
(OCoLC)ocm22409985 |
| 037 ## - SOURCE OF ACQUISITION |
| Source of stock number/acquisition |
American Council for an Energy-Efficient Economy, 2124 Kittredge St., No. 95, Berkeley, CA 94704 |
| 040 ## - CATALOGING SOURCE |
| Original cataloging agency |
NSD |
| Language of cataloging |
eng |
| Transcribing agency |
NSD |
| Modifying agency |
DLC |
| -- |
NST |
| -- |
DLC |
| -- |
COO |
| -- |
IUL |
| -- |
NST |
| -- |
OCL |
| -- |
OCLCQ |
| -- |
HEBIS |
| -- |
OCLCF |
| -- |
OCLCO |
| -- |
OCL |
| 041 ## - LANGUAGE CODE |
| Language code of text/sound track or separate title |
eng |
| 042 ## - AUTHENTICATION CODE |
| Authentication code |
nsdp |
| -- |
pcc |
| 080 ## - UNIVERSAL DECIMAL CLASSIFICATION NUMBER |
| Universal Decimal Classification number |
644 sus |
| 082 00 - DEWEY DECIMAL CLASSIFICATION NUMBER |
| Classification number |
644 sus |
| Edition number |
20 |
| 100 ## - Rafti |
| Rafti |
27 |
| 101 ## - Shkurtesa |
| Shkurtesa |
ene |
| 210 0# - ABBREVIATED TITLE |
| Abbreviated title |
Consum. guide home energy sav. |
| 222 #0 - KEY TITLE |
| Key title |
Consumer guide to home energy savings |
| 245 00 - TITLE STATEMENT |
| Title |
Consumer guide to home energy savings. |
| 246 10 - VARYING FORM OF TITLE |
| Title proper/short title |
Home energy savings |
| 310 ## - CURRENT PUBLICATION FREQUENCY |
| Current publication frequency |
Annual |
| 362 0# - DATES OF PUBLICATION AND/OR SEQUENTIAL DESIGNATION |
| Dates of publication and/or sequential designation |
1991- |
| 590 ## - LOCAL NOTE (RLIN) |
| Local note |
SERBIB/SERLOC merged record |
| 906 ## - LOCAL DATA ELEMENT F, LDF (RLIN) |
| a |
7 |
| b |
cbc |
| c |
serials |
| d |
2 |
| e |
ncip |
| f |
19 |
| g |
n-oclcserc |
| 942 ## - ADDED ENTRY ELEMENTS (KOHA) |
| Source of classification or shelving scheme |
|
| Item type |
Books |